10 Famous People Named Kevin - Statistics

General Stats
  • This quiz has been taken 195 times
  • The average score is 5 of 10
Answer Stats
Hint Famous Kevin % Correct
Leading star of "Footloose" - shares his name with a type of meat Kevin Bacon
85%
Star and director of "Dances with Wolves" Kevin Costner
83%
Portrayed Frank Underwood in "House of Cards", and Kaiser Söze in "The Unusual Suspects" Kevin Spacey
75%
Short black stand-up comedian who starred in "Ride Along" with Ice Cube Kevin Hart
72%
Britney Spears's ex-husband Kevin Federline
54%
Brooklyn Nets player known as the "Slim Reaper" Kevin Durant
44%
Actor who frequently collaborates with Adam Sandler in movies Kevin James
41%
Belgian footballer who vice-captains Manchester City Kevin De Bruyne
38%
U.S. Speaker of the House since 2023 Kevin McCarthy
37%
Pro wrestler who co-founded the "New World Order" with Hulk Hogan and Scott Hall Kevin Nash
13%
No matching quizzes found
Score Distribution
Percent of People with Each Score
Percentile by Number Answered
Your Score History
You have not taken this quiz